| 000 | 00483cam a22001455i 4500 | ||
|---|---|---|---|
| 999 |
_c7644 _d7644 |
||
| 003 | OSt | ||
| 005 | 20200317115339.0 | ||
| 008 | 181019s2018 sw a 000 0 eng | ||
| 020 | _a9789187543395 (pbk.) | ||
| 040 |
_aDLC _beng _cDLC _erda |
||
| 245 | 0 | 0 |
_aOur urban living room : _blearning from Copenhagen / _cCobe ; photographs by Rasmus Hjortshoej ; editor: Julie Cirelli. |
| 250 | _a2nd edition. | ||
| 300 |
_a493 pages : _bnumerous illustrations (chiefly color) ; _c25 cm |
||
| 942 | _2ddc | ||